=LDR 00000nam 2200000 4500 =001 NUTBA000000000001502 =005 20140710120235.0 =006 =007 =008 =020 ##$$a 979-602-9033-55-7 =035 ##$$0010-041400000000772 =040 ##$$a NBPDMAT =082 ##$$a 808.300 1 =090 ##$$a 808.300 1$bIda f =100 ##$$a Ida Rochani Adi =245 ##$$a Fiksi populer$bteori dan metode kajian$cIda Rochani Adi =250 ##$$a Ed.2 =260 ##$$a Yogyakarta$bPustaka pelajar$c2011. =300 ##$$a ix,265 hlm.$c23 cm. =650 ##$$a Fiksi, teori =850 ##$$a NBPNMAT =990 ##$$a 21305372 =990 ##$$a 21195539/BPAP-NTB/2014 =990 ##$$a 0001/BPAP-NTB/20142014 =990 ##$$a 0001/BPAP-NTB/20142015 =990 ##$$a 0001/BPAP-NTB/20142015